000 00459nam a2200181Ia 4500
001 17967
005 20260306171556.0
008 260306s9999||||xx |||||||||||||| ||und||
041 _aESP
082 _a658.3
_bP89
100 _aPuchol, Luis (Coord.)
_eAUT
245 0 _aCasos supuestos en dirección y gestión de recursos humanos
260 _c2000
300 _a221 páginas :
_c24 cm.
650 _aGEN
654 _aCAN
942 _cLIB
_dJUS
_fJUS
_2ddc
_n
999 _c17967
_d17967